000 00952cac a2200277 a 4500
003 Co-PeBPM
005 20250526152305.0
008 231129e1983||||xx o||||||||||||| ||spa||
040 0 _aCo-PeBPM
_bspa
_cCo-PeBPM
_erda
041 _aspa
082 0 4 _a418.61 F899L
_222
100 1 _aFriedemann De, Nina S.
245 1 0 _aLengua y Sociedad En El Palenque De San Basilio
_c/Nina S. De Friedemann
260 _aBogotá, Colombia
_b:Editorial Instituto Caro y Cuervo
_c,1983
264 _a
300 _a300 Páginas
_b:Ilustraciones Fotografías
_c;23 Centímetros
490 _aPublicaciones Del Instituto Caro y Cuervo LXVI
500 _aIncluye Índice.
650 1 4 _2LEMB
_aNegros Palenque de San Basilio
650 1 4 _2LEMB
_aPalenque de San Basilio (Bolívar, Colombia)
650 1 4 _2LEMB
_aHistoria
650 1 4 _2LEMB
_aVida Social
650 1 4 _2LEMB
_aCostumbres
700 _aPatiño Rosselli, Carlos
_eSegundo Autor
942 _2ddc
_cBK
999 _c19119
_d19119